Motivi celebri di tutto il mondo (03) (Record no. 102599)
[ view plain ]
| 000 -LEADER | |
|---|---|
| fixed length control field | 03380njm a2200505Ia 4500 |
| 001 - CONTROL NUMBER | |
| control field | 40006 |
| 003 - CONTROL NUMBER IDENTIFIER | |
| control field | IT-RoPAU |
| 005 - DATE AND TIME OF LATEST TRANSACTION | |
| control field | 20220918181156.0 |
| 008 - FIXED-LENGTH DATA ELEMENTS--GENERAL INFORMATION | |
| fixed length control field | 131025s9999 xx 000 0 und d |
| 040 ## - CATALOGING SOURCE | |
| Original cataloging agency | IT-RoPAU |
| 040 ## - CATALOGING SOURCE | |
| Transcribing agency | IT-RoPAU |
| 999 ## - SYSTEM CONTROL NUMBERS (KOHA) | |
| Koha Dewey Subclass [OBSOLETE] | n.d. |
| 100 ## - MAIN ENTRY--PERSONAL NAME | |
| Personal name | AA.VV. |
| 9 (RLIN) | 794 |
| 100 ## - MAIN ENTRY--PERSONAL NAME | |
| Relator term | Autore musica |
| 9 (RLIN) | 20400 |
| 100 ## - MAIN ENTRY--PERSONAL NAME | |
| Miscellaneous information | Codice autore musica SPICS: 12000 |
| 9 (RLIN) | 796 |
| 245 ## - TITLE STATEMENT | |
| Title | Motivi celebri di tutto il mondo (03) |
| 250 ## - EDITION STATEMENT | |
| Edition statement | 1a ed. |
| 260 ## - PUBLICATION, DISTRIBUTION, ETC. (IMPRINT) | |
| Place of publication, distribution, etc. | ITALIA |
| 260 ## - PUBLICATION, DISTRIBUTION, ETC. (IMPRINT) | |
| Name of publisher, distributor, etc. | SELEZIONE |
| 300 ## - PHYSICAL DESCRIPTION | |
| Extent | DISCO |
| 500 ## - GENERAL NOTE | |
| General note | Musica strumentale. Arrangiamento di colonne sonore di film vari. |
| 505 ## - FORMATTED CONTENTS NOTE | |
| Formatted contents note | Concerto di Varsavia (dal film "Dangerous Moonlight") - Laura (dal film "Vertigine") - La strada (dal film omonimo) - L'amore è una cosa meravigliosa (dal film omonimo) - Il canto (dal film Moulin Rouge) - Intermezzo (dal film omonimo) - Exodus (dal film omonimo) - Sopra l'arcobaleno (da "Il mago di Oz") - Il tema di Thara (Da "Via col vento") - Prigionieri del cielo (dal film omonimo) - Gigi (dal film omonimo) |
| 511 ## - PARTICIPANT OR PERFORMER NOTE | |
| Participant or performer note | Hill Bowen e la sua Orchestra |
| 650 ## - SUBJECT ADDED ENTRY--TOPICAL TERM | |
| Topical term or geographic name as entry element | COLONNE SONORE [DISCHI] |
| Relator term | Codice MATERIA SPICS: 9950 |
| 9 (RLIN) | 1905 |
| 700 ## - ADDED ENTRY--PERSONAL NAME | |
| Personal name | Bowen Hill |
| Miscellaneous information | Codice interprete SPICS: 10768 |
| Relator term | Interprete |
| 9 (RLIN) | 20401 |
| 700 ## - ADDED ENTRY--PERSONAL NAME | |
| Personal name | Addinsell Richard |
| Miscellaneous information | Codice autore musica SPICS: 14121 |
| Relator term | Autore musica |
| Name of part/section of a work | Concerto di Varsavia (dal film "Dangerous Moonlight") |
| 9 (RLIN) | 20402 |
| 700 ## - ADDED ENTRY--PERSONAL NAME | |
| Personal name | Mercer Len |
| Miscellaneous information | Codice autore musica SPICS: 13923 |
| Relator term | Autore musica |
| Name of part/section of a work | Laura (dal film "Vertigine") |
| 9 (RLIN) | 20403 |
| 700 ## - ADDED ENTRY--PERSONAL NAME | |
| Personal name | Raksin David |
| Miscellaneous information | Codice autore SPICS: 22536 |
| Relator term | Autore |
| Name of part/section of a work | Laura (dal film "Vertigine") |
| 9 (RLIN) | 20404 |
| 700 ## - ADDED ENTRY--PERSONAL NAME | |
| Personal name | Galdieri Michele |
| Miscellaneous information | Codice autore musica SPICS: 13370 |
| Relator term | Autore musica |
| Name of part/section of a work | La strada (dal film omonimo) |
| 9 (RLIN) | 20405 |
| 700 ## - ADDED ENTRY--PERSONAL NAME | |
| Personal name | Rota Nino |
| Miscellaneous information | Codice autore SPICS: 11128 |
| Relator term | Autore |
| Name of part/section of a work | La strada (dal film omonimo) |
| 9 (RLIN) | 20406 |
| 700 ## - ADDED ENTRY--PERSONAL NAME | |
| Personal name | Webster Benjamin Francis (Ben) |
| Miscellaneous information | Codice autore musica SPICS: 14419 |
| Relator term | Autore musica |
| Name of part/section of a work | L'amore è una cosa meravigliosa (dal film omonimo) |
| 9 (RLIN) | 20407 |
| 700 ## - ADDED ENTRY--PERSONAL NAME | |
| Personal name | Fain Sammy |
| Miscellaneous information | Codice autore SPICS: 14147 |
| Relator term | Autore musica |
| Name of part/section of a work | L'amore è una cosa meravigliosa (dal film omonimo) |
| 9 (RLIN) | 20408 |
| 700 ## - ADDED ENTRY--PERSONAL NAME | |
| Personal name | Auric George |
| Miscellaneous information | Codice autore musica SPICS: 14416 |
| Relator term | Autore musica |
| Name of part/section of a work | Il canto da Moulin Rouge |
| 9 (RLIN) | 20409 |
| 700 ## - ADDED ENTRY--PERSONAL NAME | |
| Personal name | Engvick William |
| Miscellaneous information | Codice autore SPICS: 15849 |
| Relator term | Autore |
| Name of part/section of a work | Il canto da Moulin Rouge |
| 9 (RLIN) | 20410 |
| 700 ## - ADDED ENTRY--PERSONAL NAME | |
| Personal name | Provost Heinz |
| Miscellaneous information | Codice autore musica SPICS: 28511 |
| Relator term | Autore musica |
| Name of part/section of a work | Intermezzo (dal film omonimo) |
| 9 (RLIN) | 20411 |
| 700 ## - ADDED ENTRY--PERSONAL NAME | |
| Personal name | Henning |
| Miscellaneous information | Codice autore SPICS: 28512 |
| Relator term | Autore |
| Name of part/section of a work | Intermezzo (dal film omonimo) |
| 9 (RLIN) | 20412 |
| 700 ## - ADDED ENTRY--PERSONAL NAME | |
| Personal name | Gold Ernest |
| Miscellaneous information | Codice autore musica SPICS: 10926 |
| Relator term | Autore musica |
| Name of part/section of a work | Exodus (dal film omonimo) |
| 9 (RLIN) | 20413 |
| 700 ## - ADDED ENTRY--PERSONAL NAME | |
| Personal name | Arlen Harold |
| Miscellaneous information | Codice autore musica SPICS: 13025 |
| Relator term | Autore musica |
| Name of part/section of a work | Sopra l'arcobaleno (da "Il mago di Oz") |
| 9 (RLIN) | 20414 |
| 700 ## - ADDED ENTRY--PERSONAL NAME | |
| Personal name | Harburg E. Y. |
| Miscellaneous information | Codice autore SPICS: 15671 |
| Relator term | Autore musica |
| Name of part/section of a work | Sopra l'arcobaleno (da "Il mago di Oz") |
| 9 (RLIN) | 20415 |
| 700 ## - ADDED ENTRY--PERSONAL NAME | |
| Personal name | Steiner Max |
| Miscellaneous information | Codice autore musica SPICS: 11162 |
| Relator term | Autore musica |
| Name of part/section of a work | Il tema di Thara (Da "Via col vento") |
| 9 (RLIN) | 20416 |
| 700 ## - ADDED ENTRY--PERSONAL NAME | |
| Personal name | Tiomkin Dimitri |
| Miscellaneous information | Codice autore musica SPICS: 11173 |
| Relator term | Autore musica |
| Name of part/section of a work | Prigionieri del cielo (dal film omonimo) |
| 9 (RLIN) | 20417 |
| 700 ## - ADDED ENTRY--PERSONAL NAME | |
| Personal name | Lerner Alan Jay |
| Miscellaneous information | Codice autore musica SPICS: 27495 |
| Relator term | Autore musica |
| Name of part/section of a work | Gigi (dal film omonimo) |
| 9 (RLIN) | 20418 |
| 700 ## - ADDED ENTRY--PERSONAL NAME | |
| Personal name | Loewe Frederick |
| Miscellaneous information | Codice autore SPICS: 10988 |
| Relator term | Autore |
| Name of part/section of a work | Gigi (dal film omonimo) |
| 9 (RLIN) | 20419 |
| 942 ## - ADDED ENTRY ELEMENTS (KOHA) | |
| Koha item type | DISCHI |
| Source of classification or shelving scheme | Dewey Decimal Classification |
| Withdrawn status | Lost status | Damaged status | Not for loan | Home library | Current library | Date acquired | Total Checkouts | Full call number | Date last seen | Price effective from | Koha item type | Public note |
|---|---|---|---|---|---|---|---|---|---|---|---|---|
| Buone Condizioni | Not For Loan | SPICS-MEDIATECA | SPICS-MEDIATECA | 25/10/2013 | 40006 | 25/10/2013 | 25/10/2013 | DISCHI | Progr. Ins.: 20422 / N.Vol.: n.d. / Copie: 1 - Copia rara: n.d. / date import: 01.01.2014 - By Epidotti, Trombetti, Vaglietti |